Propagácia slovenských subjektov cestovného ruchu na internete
Predpoklady na propagáciu Slovenska na internete. Propagácia Slovenska na internetovej stránke SACR. Propagácia na internetových stránkach slovenských cestovných kancelárií a agentúr. Podiel cestovných kancelárií s vlastnou internetovou stránkou. Podiel CK s ponukou na internete v cudzom jazyku....
Guardado en:
| Autor principal: | |
|---|---|
| Formato: | Capítulo de libro |
| Lenguaje: | eslovaco |
| Materias: | |
| Etiquetas: |
Sin Etiquetas, Sea el primero en etiquetar este registro!
|
MARC
| LEADER | 00000naa$a2200000$$$4500 | ||
|---|---|---|---|
| 001 | 0005932 | ||
| 005 | 20230918083107.7 | ||
| 041 | 0 | |a slo | |
| 044 | |a SK | ||
| 245 | 1 | 0 | |a Propagácia slovenských subjektov cestovného ruchu na internete |c aut. Zuzana Gončárová |
| 520 | |a Predpoklady na propagáciu Slovenska na internete. Propagácia Slovenska na internetovej stránke SACR. Propagácia na internetových stránkach slovenských cestovných kancelárií a agentúr. Podiel cestovných kancelárií s vlastnou internetovou stránkou. Podiel CK s ponukou na internete v cudzom jazyku. Prehľad internetových stránok. | ||
| 610 | 2 | 0 | |a ruch cestovný |
| 610 | 2 | 0 | |a Slovensko |
| 610 | 2 | 0 | |a internet |
| 610 | 2 | 0 | |a technológie informačné |
| 610 | 2 | 0 | |a technológie komunikačné |
| 610 | 2 | 0 | |a propagácia |
| 610 | 2 | 0 | |a kancelárie cestovné |
| 100 | 1 | |a Gončárová, Zuzana | |